000 01110cam a22003253a 4500
001 3877
003 FISKH
005 20240704134911.0
008 040914s2004 nyua b 000 1 eng d
010 _a 2004558260
020 _a0439569907 (pbk.)
020 _a9780439569903
035 _a(OCoLC)ocm55084210
040 _aCQF
_cCQF
_dDLC
_beng
050 0 0 _aMLCM 2006/42980
082 0 4 _a551.578
_222
100 1 _aCole, Joanna.
245 1 0 _aLost in the snow /
_cJoanna Cole ; illustrations by Carolyn Bracken.
260 _aNew York :
_bScholastic,
_c2004.
300 _a32 unnumbered pages :
_bcolor illustrations ;
_c23 cm
440 0 _aScholastic reader.
_nLevel 2
505 _aH
520 _aMs. Frizzle's students want to know what makes snow, so she proposes a field trip courtesy of the Magic School Bus, but disaster strikes when they lose Ms. Frizzle.
521 8 _a420
_bLexile
521 8 _aH
_bRaz-PLus
650 0 _aSnow
_vJuvenile fiction.
700 1 _aBracken, Carolyn.
_4illustrator
906 _a7
_bcbc
_ccopycat
_d2
_encip
_f20
_gy-gencatlg
942 _2ddc
_cBK
_n0
999 _c3877
_d3877